| 000 | nam a22 a 4500 | ||
|---|---|---|---|
| 999 |
_c3930 _d3930 |
||
| 003 | AKMAL | ||
| 005 | 20170524123754.0 | ||
| 008 | 170524t2006 my g o000 0 may d | ||
| 020 | _a9789679312065 | ||
| 020 | _a9789679311945 (kkt.) | ||
| 040 |
_aAKMAL _cAKMAL |
||
| 082 | 0 | 4 |
_a899.231 SYA _222 |
| 090 |
_a899.231 _bSYA |
||
| 245 | 0 | 0 |
_aSyair Bidasari : _btransliterasi dari manuskrip Melayu lama |
| 260 |
_aKuala Lumpur : _bPerpustakaan Negara Malaysia, _c2006 |
||
| 300 |
_a40ms. ; _c23cm. |
||
| 500 | _aTeks dalam tulisan jawi | ||
| 500 | _aMengandungi contoh teks manuskrip asal Syair Bidasari 2726 mms | ||
| 650 | 1 | 4 |
_aSyair _97748 |
| 650 | 2 | 0 |
_aMalay poetry _97739 |
| 942 |
_2ddc _cBOOK |
||